Bilecik Bilecik Bilecik Bilecik Bilecik

İktisatçılar için matematik/ (Record no. 3239)

MARC details
000 -BAŞLIK
Sabit Uzunluktaki Kontrol Alanı 01238nam a22004097a 4500
001 - KONTROL NUMARASI
Control Dosyası 0003255
003 - KONTROL NUMARASI KİMLİĞİ
Kontrol Alanı KOHA_MİRAKIL
005 - EN SON İŞLEM TARİHİ ve ZAMANI
Kontrol Alanı 20260207001332.0
007 - FİZİKSEL TANIM SABİT ALAN - GENEL BİLGİ
Sabit uzunluklu kontrol alanı ta
008 - SABİT UZUNLUKTAKİ VERİ ÖGELERİ - GENEL BİLGİ
Sabit Alan 090324b1981 tu |||gr||||#||||0|tur |
020 ## - ISBN - ULUSLARARASI STANDART KİTAP NUMARASI
Kullanılabilirlik koşulları TL0,01
040 ## - KATALOGLAMA KAYNAĞI
Özgün Kataloglama Kurumu TR-BiSEU
Kataloglama Dili tur
Çeviri Kurumu TR-BiSEU
Açıklama Kuralları rda
041 0# - DİL KODU
Metin ya da ses kaydının dil kodu tur
044 ## - YAYINLAYAN/ÜRETEN KURULUŞUN ÜLKE KODU
ISO country code tu
050 ## - SINIFLAMA ve YER NUMARASI
Sınıflama Numarası HB135
Yer Numarası .E77 1981
100 1# - KİŞİ ADI
Yazar Adı (Kişi adı) Ersel, Hasan.
245 1# - ESER ADI BİLDİRİMİ
Başlık İktisatçılar için matematik/
Sorumluluk Bildirimi Hasan Ersel ; Hasan Ersel.
264 #1 - ÜRERİM, YAYIN, DAĞITIM ve TELİF BİLDİRİMİ
Yayın yeri Ankara :
Yayınlayan Ankara Üniversitesi
Yayın tarihi 1981
300 ## - FİZİKSEL TANIMLAMA
Sayfa, Cilt vb. XII, 496 sayfa: resimli
336 ## - İÇERİK TÜRÜ
Content type term metin
Content type code txt
Source rdacontent
337 ## - MEDYA TÜRÜ
Media type term aracısız
Media type code n
Source rdamedia
338 ## - TAŞIYICI TÜRÜ
Carrier type term cilt
Carrier type code nc
Source rdacarrier
490 1# - DİZİ BİLDİRİMİ
Dizi Bildirimi Ankara Üniversitesi.
490 1# - DİZİ BİLDİRİMİ
Dizi Bildirimi Siyasal Bilgiler Fakültesi yayınları ;
Cilt Numarası no.
490 1# - DİZİ BİLDİRİMİ
Dizi Bildirimi 461 Atatürk'ün 100.
490 1# - DİZİ BİLDİRİMİ
Dizi Bildirimi doğum yılına armağan ;
Cilt Numarası no.
490 1# - DİZİ BİLDİRİMİ
Dizi Bildirimi 4
500 ## - GENEL NOT
Genel Not Kaynakça ve dizin var.
650 #0 - KONU BAŞLIĞI EK GİRİŞ - KONU TERİMİ
Konusal terim veya coğrafi ad Matematik.
9 (RLIN) 1486
650 #0 - KONU BAŞLIĞI EK GİRİŞ - KONU TERİMİ
Konusal terim veya coğrafi ad Ekonomi--Matematik.
9 (RLIN) 1598
830 1# - SERİ EK GİRİŞİ - TEKBİÇİM ESER ADI
Tekbiçim Başlık Ankara Üniversitesi.
9 (RLIN) 6714
830 1# - SERİ EK GİRİŞİ - TEKBİÇİM ESER ADI
Tekbiçim Başlık Siyasal Bilgiler Fakültesi yayınları ;
Volume number/sequential designation no.
9 (RLIN) 6715
830 1# - SERİ EK GİRİŞİ - TEKBİÇİM ESER ADI
Tekbiçim Başlık 461 Atatürk'ün 100.
9 (RLIN) 8175
830 1# - SERİ EK GİRİŞİ - TEKBİÇİM ESER ADI
Tekbiçim Başlık doğum yılına armağan ;
Volume number/sequential designation no.
9 (RLIN) 8176
830 1# - SERİ EK GİRİŞİ - TEKBİÇİM ESER ADI
Tekbiçim Başlık 4
9 (RLIN) 8177
942 ## - EK GİRİŞ ÖGELERİ (KOHA)
Source of classification or shelving scheme Library of Congress Classification
Koha item type Book
Holdings
Materyal Türü Kalıcı Konum Mevcut Konum Raf Yeri Sınıflandırma Kaynağı Edinim Bilgisi Ana Konular Alt Konular Yer Numarası Demirbaş Numarası Fatura Tarihi Geri Çekilme Durumu Kayıp Durumu Hasarlı Durumu Kredi için değil Kayıt Tarih Toplam Ödünçverme Son Görülme Tarihi Son Kontrol Tarihi Genel / Bağış Notu
Book BŞEÜ Gölpazarı MYO Kütüphanesi BŞEÜ Gölpazarı MYO Kütüphanesi   Library of Congress Classification Bağış SOSYAL BİLİMLER Ekonomi Teorisi, Demografi HB135 .E81 1981 0019220 02/02/2026         08/07/2010   05/12/2024 05/12/2024 Genel Bağış
Book Prof. Dr. Azmi Özcan Kütüphanesi Prof. Dr. Azmi Özcan Kütüphanesi Uluğbey Salonu Library of Congress Classification Bağış SOSYAL BİLİMLER Ekonomi Teorisi, Demografi HB135 .E77 1981 0003255 13/08/2010         24/03/2009   05/12/2024 05/12/2024 Genel Bağış
Book Prof. Dr. Azmi Özcan Kütüphanesi Prof. Dr. Azmi Özcan Kütüphanesi Uluğbey Salonu Library of Congress Classification Bağış SOSYAL BİLİMLER Ekonomi Teorisi, Demografi HB135 .E77 1981 0003283 13/08/2010         26/03/2009   05/12/2024 05/12/2024 Genel Bağış
Book Prof. Dr. Azmi Özcan Kütüphanesi Prof. Dr. Azmi Özcan Kütüphanesi Uluğbey Salonu Library of Congress Classification Bağış SOSYAL BİLİMLER Ekonomi Teorisi, Demografi HB135 .E77 1981 0003412 13/08/2010         31/03/2009 3 05/12/2024 05/12/2024 Genel Bağış
Book Prof. Dr. Azmi Özcan Kütüphanesi Prof. Dr. Azmi Özcan Kütüphanesi Uluğbey Salonu Library of Congress Classification Bağış SOSYAL BİLİMLER Ekonomi Teorisi, Demografi HB135 .E77 1981 0030607 02/02/2026         29/06/2011   05/12/2024 05/12/2024 İİBF